| 000 | 00500nam a22001697a 4500 | ||
|---|---|---|---|
| 005 | 20240220122353.0 | ||
| 010 | _aENG-139372 | ||
| 020 |
_c949.00 _a9789390746958 |
||
| 035 | _aEN-122904 | ||
| 037 | _bDBAD/PUB | ||
| 100 |
_aKaswa,Lenine Morfontem _962291 |
||
| 245 |
_aThe search for Chemchemi/ _cLenine Morfontem Kaswa |
||
| 260 |
_aBelgharia _bExceller Books _c2021 |
||
| 270 |
_aG1,Dream Apartment,Degree College Road _bKolkata _e700056 |
||
| 300 |
_a97p. _c22cm(pb) |
||
| 942 |
_2ddc _cEN _mKAS _hN |
||
| 999 |
_c200921 _d200921 |
||